Спецглавы физики. Статистическая физика равновесных систем: учебное пособие

Dades bibliogràfiques
Autor principal: Краснопевцев Е. А. Евгений Александрович
Autor corporatiu: Новосибирский государственный технический университет (НГТУ)
Sumari:Излагаются основы статистической физики классических и квантовых равновесных систем. Приводятся примеры, иллюстрирующие теоретические положения из области микро- и наноэлектроники. Представлены задачи для самостоятельной работы и индивидуальных заданий.
Idioma:rus
Publicat: Новосибирск, Изд-во НГТУ, 2014
Col·lecció:Учебники НГТУ
Matèries:
Format: MixedMaterials Llibre
KOHA link:https://koha.lib.tpu.ru/cgi-bin/koha/opac-detail.pl?biblionumber=292234

MARC

LEADER 00000nam0a2200000 4500
001 292234
005 20231102000456.0
010 |a 9785778225657 
035 |a (RuTPU)RU\TPU\book\316849 
090 |a 292234 
100 |a 20150421d2014 m y0rusy50 ca 
101 0 |a rus 
102 |a RU 
105 |a a j 001zy 
200 1 |a Спецглавы физики. Статистическая физика равновесных систем  |e учебное пособие  |f Е. А. Краснопевцев  |g Новосибирский государственный технический университет (НГТУ) 
210 |a Новосибирск  |c Изд-во НГТУ  |d 2014 
215 |a 387 с.  |c ил. 
225 1 |a Учебники НГТУ 
320 |a Библиогр.: с. 382-383. 
320 |a Предм. указ.: с. 384-386. 
330 |a Излагаются основы статистической физики классических и квантовых равновесных систем. Приводятся примеры, иллюстрирующие теоретические положения из области микро- и наноэлектроники. Представлены задачи для самостоятельной работы и индивидуальных заданий. 
606 1 |a Статистическая физика  |2 stltpush  |3 (RuTPU)RU\TPU\subj\27931  |9 51579 
610 1 |a равновесные системы 
610 1 |a статистика 
610 1 |a теория вероятностей 
610 1 |a дискретные распределения 
610 1 |a классические системы 
610 1 |a квантовая статистическая физика 
610 1 |a статистические распределения 
610 1 |a газы 
610 1 |a фермионы 
610 1 |a бозоны 
610 1 |a фазовое пространство 
610 1 |a микросостояния 
610 1 |a макросостояния 
610 1 |a квантовые системы 
610 1 |a фотонный газ 
610 1 |a учебные пособия 
675 |a 531.19(075.8)  |v 4 
700 1 |a Краснопевцев  |b Е. А.  |g Евгений Александрович 
712 0 2 |a Новосибирский государственный технический университет (НГТУ)  |c (1992- )  |2 stltpush  |3 (RuTPU)RU\TPU\col\36 
801 1 |a RU  |b 63413507  |c 20150421 
801 2 |a RU  |b 63413507  |c 20150706  |g RCR 
942 |c BK 
959 |a 56/20150421  |d 1  |e 550,00  |f ЧЗТЛ:1